logo

Bir Sreshtho Munshi Abdur Rouf Library
Jhenaidah Cadet College

Men who changed the world : (Record no. 9465)

MARC details
000 -LEADER
fixed length control field 00667cam a22002411 4500
001 - CONTROL NUMBER
JCCL Control Number 9465
003 - CONTROL NUMBER IDENTIFIER
JCCL marc code BD-JhCC
005 - DATE AND TIME OF LATEST TRANSACTION
control field 20190406105225.0
008 - FIXED-LENGTH DATA ELEMENTS--GENERAL INFORMATION
fixed length control field 790726s1953 nyua 000 0 eng
035 ## - SYSTEM CONTROL NUMBER
system control number (OCoLC)5214120
-- (BD-JhCC)9465
040 ## - CATALOGING SOURCE
Original cataloging agency DLC
Transcribing agency OCl
Modifying agency DLC
-- BD-JhCC
041 ## - LANGUAGE CODE
Language code of Book eng
050 00 - LIBRARY OF CONGRESS CALL NUMBER
Classification number T39
Item number .L43 1953
082 ## - DEWEY DECIMAL CLASSIFICATION NUMBER
Classification number 926
Author mark and Year LAR 1953
100 1# - MAIN ENTRY--PERSONAL NAME
Personal name Larsen, Egon,
Dates associated with a name 1904-
245 10 - TITLE STATEMENT
Title Men who changed the world :
Remainder of title stories of invention and discovery /
-- by Egon Larsen [pseud.
250 ## - EDITION STATEMENT
Edition statement 2d ed.]
260 ## - PUBLICATION, DISTRIBUTION, ETC. (IMPRINT)
Place of publication, distribution, etc New York,
Name of publisher, distributor, etc Roy Publishers
Date of publication, distribution, etc [1953]
300 ## - PHYSICAL DESCRIPTION
Pagination 224 p.
Other physical details illus.
Dimensions 22 cm.
650 #0 - SUBJECT ADDED ENTRY--TOPICAL TERM
Topical term or geographic name as entry element Inventors.
942 ## - ADDED ENTRY ELEMENTS (KOHA)
Source of classification or shelving scheme Dewey Decimal Classification
Koha item type Books
Holdings
Source of classification or shelving scheme Damaged status Not for loan Home library Current library Shelving location Total Checkouts Full call number Barcode Date last seen Copy number Koha item type Date of accession
Dewey Decimal Classification     JCC Rouf Library JCC Rouf Library General Stacks   926 LAR 1953 12696 03/15/2018 C-1 Books  
Dewey Decimal Classification     JCC Rouf Library JCC Rouf Library General Stacks   926 LAR 1953 12655 04/06/2019 C-2 Books 04/06/2019

JCC Library | Contacts | JCC Home

Last Update on 23 September 2017
Copyright @ 2017-2020 JCC Rouf Library
Rouf Library, Jhenidah Cadet College (JCC), Bangladesh